000 00594cam a22002173a 4500
001 39671
003 PGUSA
005 20140828083900.0
008 120511s2012||||xxu|||||s|||||000 | eng d
040 _aPGUSA
_beng
042 _adc
100 1 _aRolland, Romain,
_d1866-1944
245 1 0 _aHandel
_h[electronic resource] /
_cRomain Rolland
260 _bProject Gutenberg,
_c2012
506 _aPublic domain in the USA.
516 _aElectronic text
700 1 _aHull, A. Eaglefield
830 0 _aProject Gutenberg
_v39671
856 4 0 _uhttp://www.gutenberg.org/ebooks/39671
942 _cEB
999 _c268924
_d268924